| 000 | 00912nam a2200229Ii 4500 | ||
|---|---|---|---|
| 003 | JO-AjNU | ||
| 008 | 230605s9999||||xx |||||||||||||| ||und|| | ||
| 017 | _a2019/12/6461 | ||
| 020 | _a978-9957-33-773-5 | ||
| 040 |
_aJO-AjNU _bara _erda _cJO-AjNU |
||
| 041 | _aara | ||
| 050 | 1 | 4 | _aH62.2020 |
| 100 | 3 |
_aمطر، حازم محمد ابراهيم، م مشارك جمانة محمد رمضان سيد , _eauthor _961642 |
|
| 245 | 0 | 0 | _aمنهجية البحث العلمي في العلوم الاجتماعية والعلوم الانسانية |
| 250 | _aط1 | ||
| 264 | 3 | 1 | _aعمان: مؤسسة الوراق للنشر والتوزيع، 2020 |
| 300 | _a411ص | ||
| 336 |
_atext _btxt _2rdacontent |
||
| 337 |
_aunmediated _bn _2rdamedia |
||
| 338 |
_avolume _bnc _2rdacarrier |
||
| 650 | 4 |
_aالبحث العلمي-العلوم الاجتماعية-العلوم الانسانية-البحوث _961643 |
|
| 999 |
_aA27873 _c31441 _d31441 |
||